008900000a22002410004500003001100000005001700011008004100028040003900069041000800108082001800116110004500134245010000179260001900279300001500298490002000313500010700333650001900440650002800459700004600487942000700533952009300540999001500633LK-CoMWRAF20240315111152.0230817t1987 ||||| |||| 00| 0 eng d aLK-CoMWRAFdLK-CoMWRAFeLK-CoMWRAF aeng a348.5493bSRI aSri Lanka, Democratic Socialist Republic a1985 supplement (unofficial) to the revised edition of the legislative enactments of Sri Lanka  aColombo:c1987 a187-206 p. avol.I vpart 12 aPB,NSB,SMIBTRC,Foreign loans, registered stock and securities, credit councils, national housing, NHDA aLAW-Sri Lanka  aCivil law and procedure a Deheragoda, E. R. K. D. M. Hectorecomp. cBK 00104070aMAINbMAINd2023-08-17l0o348.5493 SRIpRAF5170r2023-08-17w2023-08-17yBK c2774d2774